[Event "CAN-ch w"]
[Site "Montreal CAN"]
[Date "2012.08.05"]
[Round "2"]
[White "Liu, Jiaxin (Dora)"]
[Black "Roy, Myriam"]
[Result "0-1"]
[WhiteElo "1666"]
[BlackElo "1982"]
[PlyCount "102"]
[GameId "2160767909441595"]
[EventDate "2012.08.05"]
[EventType "swiss"]
[EventRounds "9"]
[EventCountry "CAN"]
[SourceTitle "hb 2012"]

1. d4 d5 2. Nf3 Nf6 3. e3 e6 4. Bd3 Bd6 5. b3 O-O 6. Bb2 c6 7. O-O Nbd7 8. Ne5 Qc7 9. f4 Ne4 10. Qf3 f5 11. Bxe4 dxe4 12. Qg3 Nxe5 13. fxe5 Be7 14. Nd2 b6 15. Rac1 a5 16. a4 Ba6 17. c4 Qd8 18. Qh3 Qe8 19. Qg3 Rb8 20. Ra1 Bb4 21. Rfd1 b5 22. axb5 cxb5 23. d5 Rb7 24. cxb5 Bxb5 25. Nc4 exd5 26. Rxd5 Qc6 27. Rd4 Bxc4 28. Rxc4 Qe6 29. Rac1 Bd2 30. Rc7 Rxc7 31. Rxc7 Qh6 32. e6 Qxe3+ 33. Qxe3 Bxe3+ 34. Kf1 Bh6 35. Rc5 Re8 36. Rxf5 Rxe6 37. Ba3 Rf6 38. Rxf6 gxf6 39. Ke2 Bf4 40. h3 Kf7 41. Bc5 Bc7 42. Kd2 Ke6 43. Ke3 f5 44. b4 Kd5 45. Be7 f4+ 46. Ke2 a4 47. b5 Kc4 48. Kd2 Kxb5 49. Ke2 Kc4 50. Ba3 Kb3 51. Bc1 Be5 0-1

[Event "CAN-ch w"]
[Site "Montreal CAN"]
[Date "2012.08.05"]
[Round "2"]
[White "Ma, Indy"]
[Black "Peng, Jackie"]
[Result "0-1"]
[WhiteElo "1490"]
[BlackElo "2009"]
[PlyCount "74"]
[GameId "2160767909441596"]
[EventDate "2012.08.05"]
[EventType "swiss"]
[EventRounds "9"]
[EventCountry "CAN"]
[SourceTitle "EXT 2022"]
[Source "ChessBase"]
[SourceDate "2021.10.06"]
[SourceVersion "1"]
[SourceVersionDate "2021.10.06"]
[SourceQuality "1"]

1. d4 Nf6 2. c4 g6 3. Nc3 Bg7 4. e4 d6 5. Nf3 O-O 6. Be2 e5 7. O-O Nc6 8. dxe5 dxe5 9. Be3 Be6 10. Qxd8 Raxd8 11. Rfd1 Rfe8 12. Ng5 Nd4 13. Nxe6 fxe6 14. Bd3 a6 15. f3 Bf8 16. Kh1 Nh5 17. Bg5 Be7 18. Bxe7 Rxe7 19. Rd2 Red7 20. Bf1 Kf7 21. Rad1 Ke7 22. c5 Nf6 23. Bc4 g5 24. Ne2 Nxe2 25. Rxd7+ Nxd7 26. Bxe2 Nxc5 27. Rc1 Rd2 28. Bf1 Kd6 29. b4 Nd3 30. Bxd3 Rxd3 31. Kg1 Rd2 32. Ra1 b6 33. a4 c5 34. a5 b5 35. Rc1 c4 36. Rb1 c3 37. Rc1 c2 0-1

[Event "CAN-ch w"]
[Site "Montreal CAN"]
[Date "2012.08.05"]
[Round "2"]
[White "Serbanescu, Natasa"]
[Black "Khoudgarian, Natalia"]
[Result "0-1"]
[WhiteElo "1824"]
[BlackElo "2158"]
[PlyCount "58"]
[GameId "2160767909441597"]
[EventDate "2012.08.05"]
[EventType "swiss"]
[EventRounds "9"]
[EventCountry "CAN"]
[SourceTitle "hb 2012"]

1. e4 e6 2. d4 d5 3. e5 c5 4. Bb5+ Bd7 5. Bxd7+ Qxd7 6. Ne2 cxd4 7. Nxd4 Nc6 8. Nxc6 bxc6 9. O-O Bc5 10. Qg4 f5 11. Qh5+ Qf7 12. Qxf7+ Kxf7 13. b3 Bd4 14. c3 Bxe5 15. Re1 Bf6 16. Bb2 e5 17. Na3 Ne7 18. Rad1 g5 19. Nc2 h5 20. g3 Ng6 21. Nb4 Rac8 22. f3 e4 23. fxe4 fxe4 24. Nc2 Ne5 25. Rf1 Nf3+ 26. Kg2 h4 27. Nd4 Bxd4 28. cxd4 hxg3 29. hxg3 Rh2# 0-1

[Event "CAN-ch w"]
[Site "Montreal CAN"]
[Date "2012.08.05"]
[Round "2"]
[White "Zhou, Qiyu"]
[Black "Yun, Chang"]
[Result "1/2-1/2"]
[WhiteElo "1836"]
[BlackElo "1886"]
[PlyCount "43"]
[GameId "2160767909441598"]
[EventDate "2012.08.05"]
[EventType "swiss"]
[EventRounds "9"]
[EventCountry "CAN"]
[SourceTitle "EXT 2022"]
[Source "ChessBase"]
[SourceDate "2021.10.06"]
[SourceVersion "1"]
[SourceVersionDate "2021.10.06"]
[SourceQuality "1"]

1. e4 c5 2. Nc3 Nc6 3. f4 e6 4. Nf3 d5 5. d3 Nf6 6. Qe2 Be7 7. g3 O-O 8. Bg2 Qb6 9. O-O Nd4 10. Qf2 Ng4 11. Qd2 c4 12. Kh1 cxd3 13. Nxd4 Qxd4 14. Qxd3 Qxd3 15. cxd3 dxe4 16. dxe4 Bc5 17. Bf3 Ne3 18. Bxe3 Bxe3 19. Rfd1 Bb6 20. e5 f6 21. exf6 gxf6 22. Nb5 1/2-1/2

[Event "CAN-ch w"]
[Site "Montreal CAN"]
[Date "2012.08.05"]
[Round "3"]
[White "Khoudgarian, Natalia"]
[Black "Agbabishvili, Lali"]
[Result "1-0"]
[WhiteElo "2158"]
[BlackElo "1925"]
[PlyCount "83"]
[GameId "2160767909441599"]
[EventDate "2012.08.05"]
[EventType "swiss"]
[EventRounds "9"]
[EventCountry "CAN"]
[SourceTitle "hb 2012"]

1. e4 d6 2. d4 Nf6 3. Bd3 g6 4. f4 Bg7 5. Nf3 Nc6 6. c3 Bg4 7. O-O O-O 8. h3 Bxf3 9. Qxf3 Nd7 10. d5 Ncb8 11. Be3 c5 12. Nd2 Na6 13. a4 Nc7 14. Nc4 b6 15. f5 Ne5 16. Nxe5 Bxe5 17. Bh6 Bg7 18. Bxg7 Kxg7 19. e5 dxe5 20. Rae1 Qd6 21. c4 f6 22. fxg6 h6 23. Be4 Rab8 24. g4 a6 25. h4 b5 26. axb5 axb5 27. b3 bxc4 28. bxc4 Rb4 29. Bd3 e6 30. g5 hxg5 31. h5 f5 32. Qg3 Kf6 33. g7 Kxg7 34. Qxg5+ Kf7 35. Bxf5 Ke8 36. Rxe5 Qe7 37. Bg6+ Kd7 38. dxe6+ Qxe6 39. Rxe6 Rxf1+ 40. Kxf1 Nxe6 41. Bf5 Rb1+ 42. Kf2 1-0

[Event "CAN-ch w"]
[Site "Montreal CAN"]
[Date "2012.08.05"]
[Round "3"]
[White "Peng, Jackie"]
[Black "Liu, Jiaxin (Dora)"]
[Result "1-0"]
[WhiteElo "2009"]
[BlackElo "1666"]
[PlyCount "147"]
[GameId "2160767909441600"]
[EventDate "2012.08.05"]
[EventType "swiss"]
[EventRounds "9"]
[EventCountry "CAN"]

1. e4 c5 2. Nf3 Nc6 3. d4 cxd4 4. Nxd4 e5 5. Nf3 Nf6 6. Bc4 Bb4+ 7. c3 Be7 8. O-O O-O 9. Re1 Qc7 10. Bb3 h6 11. Nbd2 b5 12. Nf1 Bc5 13. h3 Bb7 14. Qe2 Qb6 15. Bc2 a5 16. Be3 b4 17. Rac1 Bxe3 18. Nxe3 bxc3 19. bxc3 Qc5 20. Qc4 Qa7 21. Nd5 Nh7 22. Qe2 Ba6 23. Bd3 Bxd3 24. Qxd3 Qa6 25. Rcd1 Qxd3 26. Rxd3 Rab8 27. Re2 Rfd8 28. Kh2 Kf8 29. Nh4 Ng5 30. Nf5 Ne6 31. g3 h5 32. Rd1 Ng5 33. h4 Ne6 34. Red2 Nc5 35. f3 a4 36. Nfe3 Na5 37. Nb4 Ke8 38. Rd5 d6 39. Nf5 Kf8 40. Nxd6 Ncb7 41. Nxb7 Nxb7 42. Nc6 Rxd5 43. exd5 Rc8 44. c4 f6 45. Rb1 Rc7 46. Kg2 Ke8 47. Kf2 Kd7 48. Ke3 g6 49. Kd3 Kd6 50. Kc3 Rd7 51. Rb5 f5 52. Na5 Nxa5 53. Rxa5 Ke7 54. Ra6 Rd6 55. Rxa4 Kf6 56. Rb4 g5 57. a4 f4 58. gxf4 gxh4 59. fxe5+ Kxe5 60. f4+ Kf5 61. Kd4 h3 62. Rb1 Kxf4 63. c5 Ra6 64. d6 h2 65. d7 Ra8 66. c6 Rxa4+ 67. Kc5 Ra5+ 68. Kd6 Rg5 69. d8=Q Rg6+ 70. Kd5 Rg2 71. Qh4+ Kf3 72. Qh3+ Rg3 73. Rb3+ Ke2 74. Rxg3 1-0

[Event "CAN-ch w"]
[Site "Montreal CAN"]
[Date "2012.08.05"]
[Round "3"]
[White "Roy, Myriam"]
[Black "Zhou, Qiyu"]
[Result "1/2-1/2"]
[WhiteElo "1982"]
[BlackElo "1836"]
[PlyCount "75"]
[GameId "2160767909441601"]
[EventDate "2012.08.05"]
[EventType "swiss"]
[EventRounds "9"]
[EventCountry "CAN"]
[SourceTitle "EXT 2022"]
[Source "ChessBase"]
[SourceDate "2021.10.06"]
[SourceVersion "1"]
[SourceVersionDate "2021.10.06"]
[SourceQuality "1"]

1. e4 e5 2. Nf3 Nc6 3. d4 exd4 4. Nxd4 Nf6 5. Nxc6 bxc6 6. e5 Qe7 7. Qe2 Nd5 8. Nd2 g6 9. Nf3 Bg7 10. c4 Ba6 11. Bg5 f6 12. exf6 Qxe2+ 13. Bxe2 Nxf6 14. O-O-O O-O-O 15. Rhe1 Rde8 16. Be3 Kb7 17. Nd4 Ne4 18. Nb3 Kc8 19. Bxa7 Nd6 20. Nd2 Bh6 21. Bd4 Rhf8 22. Kc2 Bxd2 23. Kxd2 Bxc4 24. Bxc4 Nxc4+ 25. Kd3 d5 26. f3 Kd7 27. b3 Nd6 28. Bc5 Ra8 29. Rd2 Ra5 30. Bb4 Rb5 31. Bxd6 cxd6 32. Rde2 Rf7 33. Re8 Ra5 34. a4 c5 35. Rb8 Ra7 36. Rbe8 Kc6 37. Kc3 Rfb7 38. Rc8+ 1/2-1/2

[Event "CAN-ch w"]
[Site "Montreal CAN"]
[Date "2012.08.05"]
[Round "3"]
[White "Shi, Ling Yun"]
[Black "Ma, Indy"]
[Result "1/2-1/2"]
[WhiteElo "1362"]
[BlackElo "1490"]
[PlyCount "87"]
[GameId "2160767909441602"]
[EventDate "2012.08.05"]
[EventType "swiss"]
[EventRounds "9"]
[EventCountry "CAN"]
[SourceTitle "EXT 2022"]
[Source "ChessBase"]
[SourceDate "2021.10.06"]
[SourceVersion "1"]
[SourceVersionDate "2021.10.06"]
[SourceQuality "1"]

1. e4 c5 2. Nf3 d6 3. Bb5+ Nc6 4. Nc3 Nf6 5. O-O e6 6. d3 Be7 7. Re1 O-O 8. Bxc6 bxc6 9. e5 Nd5 10. exd6 Bxd6 11. Ne4 Rb8 12. b3 Qc7 13. Bb2 f6 14. Nxd6 Qxd6 15. Nd2 Nf4 16. Ne4 Qd5 17. f3 e5 18. Qd2 Bf5 19. Qf2 Bh3 20. g3 Ne6 21. Rad1 Nd4 22. c3 Ne6 23. c4 Qd8 24. Nxc5 Nxc5 25. Qxc5 Qb6 26. Qxb6 axb6 27. d4 exd4 28. Rxd4 Rfe8 29. Rde4 Rxe4 30. Rxe4 Rd8 31. Rd4 Rxd4 32. Bxd4 c5 33. Bc3 Bd7 34. a3 Kf7 35. Kf2 Ke6 36. Ke3 Bc6 37. b4 cxb4 38. axb4 b5 39. cxb5 Bxb5 40. Kd4 Bc6 41. f4 Kf5 42. Ke3 Kg4 43. Kf2 Kh3 44. Kg1 1/2-1/2

[Event "CAN-ch w"]
[Site "Montreal CAN"]
[Date "2012.08.05"]
[Round "3"]
[White "Yun, Chang"]
[Black "Serbanescu, Natasa"]
[Result "1-0"]
[WhiteElo "1886"]
[BlackElo "1824"]
[PlyCount "93"]
[GameId "2160767909441603"]
[EventDate "2012.08.05"]
[EventType "swiss"]
[EventRounds "9"]
[EventCountry "CAN"]
[SourceTitle "EXT 2022"]
[Source "ChessBase"]
[SourceDate "2021.10.06"]
[SourceVersion "1"]
[SourceVersionDate "2021.10.06"]
[SourceQuality "1"]

1. e4 c5 2. Nf3 Nc6 3. Bb5 a6 4. Bxc6 dxc6 5. O-O Bg4 6. h3 Bh5 7. a4 e6 8. a5 Nf6 9. Re1 Be7 10. d3 c4 11. e5 Nd5 12. dxc4 Bxf3 13. Qxf3 Nb4 14. Qb3 c5 15. Bd2 O-O 16. Bxb4 cxb4 17. c3 Qd3 18. Re3 Qf5 19. cxb4 Bg5 20. Re1 Rfd8 21. Nc3 Rd3 22. Rad1 Bd2 23. Re2 Rad8 24. Qc2 Bxc3 25. Rxd3 Qxd3 26. Qxd3 Rxd3 27. bxc3 Kf8 28. Re3 Rd1+ 29. Kh2 Ke7 30. Kg3 f5 31. exf6+ gxf6 32. Kf3 h5 33. h4 f5 34. Ke2 Rh1 35. Rh3 Rxh3 36. gxh3 e5 37. c5 Kd7 38. Kd3 Kc6 39. Kc4 e4 40. Kd4 Kb5 41. Ke5 Kc4 42. Kxf5 Kxc3 43. Kxe4 Kxb4 44. f4 Kxc5 45. Ke5 b5 46. axb6 Kxb6 47. f5 1-0

[Event "CAN-ch w"]
[Site "Montreal CAN"]
[Date "2012.08.06"]
[Round "4"]
[White "Agbabishvili, Lali"]
[Black "Yun, Chang"]
[Result "1-0"]
[WhiteElo "1925"]
[BlackElo "1886"]
[PlyCount "37"]
[GameId "2160767909441604"]
[EventDate "2012.08.05"]
[EventType "swiss"]
[EventRounds "9"]
[EventCountry "CAN"]
[SourceTitle "EXT 2022"]
[Source "ChessBase"]
[SourceDate "2021.10.06"]
[SourceVersion "1"]
[SourceVersionDate "2021.10.06"]
[SourceQuality "1"]

1. c4 c5 2. Nf3 Nc6 3. Nc3 e5 4. e3 d6 5. d4 cxd4 6. exd4 exd4 7. Nxd4 Nf6 8. Be2 Be7 9. O-O O-O 10. Nxc6 bxc6 11. Bf3 Bb7 12. Qb3 Qc7 13. Bf4 Rfd8 14. Rfe1 Bf8 15. c5 Qc8 16. cxd6 Bxd6 17. Bxd6 Rxd6 18. Re7 Re6 19. Qxb7 1-0

[Event "CAN-ch w"]
[Site "Montreal CAN"]
[Date "2012.08.06"]
[Round "4"]
[White "Ma, Indy"]
[Black "Liu, Jiaxin (Dora)"]
[Result "0-1"]
[WhiteElo "1490"]
[BlackElo "1666"]
[PlyCount "110"]
[GameId "2160767909441605"]
[EventDate "2012.08.05"]
[EventType "swiss"]
[EventRounds "9"]
[EventCountry "CAN"]

1. d4 Nf6 2. c4 g6 3. Nc3 d5 4. cxd5 Nxd5 5. e4 Nxc3 6. bxc3 Bg7 7. Nf3 c5 8. Bb2 O-O 9. Bc4 Bg4 10. d5 Qa5 11. Qd3 a6 12. a4 Nd7 13. O-O Nb6 14. Bb3 Rac8 15. Nd2 Bd7 16. Nc4 Nxc4 17. Qxc4 Qc7 18. Bc1 b5 19. Qe2 Bxc3 20. Bh6 Bg7 21. Bxg7 Kxg7 22. Qb2+ Kg8 23. Rfc1 Qb8 24. Qe2 Qe5 25. axb5 axb5 26. Ra7 Rc7 27. Rxc7 Qxc7 28. Qa2 c4 29. Bxc4 bxc4 30. Qxc4 Qxc4 31. Rxc4 Rc8 32. Rxc8+ Bxc8 33. f3 Kg7 34. Kf2 Kf6 35. Ke3 Ke5 36. f4+ Kd6 37. Kd4 f6 38. g3 Bg4 39. e5+ Kd7 40. Kc5 Kc7 41. h4 Bf3 42. Kd4 Kb6 43. d6 fxe5+ 44. Kxe5 exd6+ 45. Kxd6 h5 46. Ke5 Bg4 47. Kd5 Bf5 48. Kd4 Kb5 49. Kd5 Kb4 50. Kd4 Kb3 51. Ke3 Kc3 52. Ke2 Kd4 53. Kd2 Bg4 54. Ke1 Ke3 55. Kf1 Kf3 0-1

[Event "CAN-ch w"]
[Site "Montreal CAN"]
[Date "2012.08.06"]
[Round "4"]
[White "Serbanescu, Natasa"]
[Black "Roy, Myriam"]
[Result "0-1"]
[WhiteElo "1824"]
[BlackElo "1982"]
[PlyCount "94"]
[GameId "2160767909441606"]
[EventDate "2012.08.05"]
[EventType "swiss"]
[EventRounds "9"]
[EventCountry "CAN"]
[SourceTitle "EXT 2022"]
[Source "ChessBase"]
[SourceDate "2021.10.06"]
[SourceVersion "1"]
[SourceVersionDate "2021.10.06"]
[SourceQuality "1"]

1. e4 c5 2. Nf3 d6 3. d4 cxd4 4. Bb5+ Bd7 5. Bxd7+ Qxd7 6. Nxd4 Nf6 7. Nc3 Nc6 8. O-O g6 9. h3 Bg7 10. Be3 O-O 11. Nxc6 bxc6 12. Qd2 Rab8 13. Rab1 Rfd8 14. Rfd1 e5 15. f4 Nh5 16. fxe5 Bxe5 17. Bd4 Qe7 18. Bxe5 dxe5 19. Qe3 Rxd1+ 20. Nxd1 Nf4 21. Nc3 Qg5 22. Qf3 h5 23. Kh2 Rd8 24. Rd1 Rxd1 25. Nxd1 Kg7 26. g3 Ne6 27. Qe3 Qe7 28. c3 h4 29. Nf2 hxg3+ 30. Qxg3 Nf4 31. Nd3 Qd6 32. Nxf4 exf4 33. Qf2 f3+ 34. Kg1 Qf4 35. Qd4+ Kh7 36. Kf2 Qh2+ 37. Kxf3 Qxh3+ 38. Ke2 Qg2+ 39. Kd3 Qf1+ 40. Ke3 a6 41. Qd2 g5 42. Qf2 Qxf2+ 43. Kxf2 Kg6 44. b4 Kf6 45. a4 Ke5 46. c4 Kxe4 47. b5 cxb5 0-1

[Event "CAN-ch w"]
[Site "Montreal CAN"]
[Date "2012.08.06"]
[Round "4"]
[White "Shi, Ling Yun"]
[Black "Khoudgarian, Natalia"]
[Result "0-1"]
[WhiteElo "1362"]
[BlackElo "2158"]
[PlyCount "72"]
[GameId "2160767909441607"]
[EventDate "2012.08.05"]
[EventType "swiss"]
[EventRounds "9"]
[EventCountry "CAN"]
[SourceTitle "EXT 2022"]
[Source "ChessBase"]
[SourceDate "2021.10.06"]
[SourceVersion "1"]
[SourceVersionDate "2021.10.06"]
[SourceQuality "1"]

1. e4 e6 2. d4 d5 3. e5 c5 4. c3 Nc6 5. Nf3 Nge7 6. Bd3 Nf5 7. Bxf5 exf5 8. O-O Be6 9. Re1 Be7 10. Nbd2 b6 11. Nf1 O-O 12. Ng3 g5 13. Kh1 f4 14. Ne2 Bg4 15. Nfg1 f6 16. exf6 Bxf6 17. f3 Bf5 18. a3 a5 19. b3 Qd7 20. Ra2 Rae8 21. Rd2 c4 22. bxc4 dxc4 23. Rb2 b5 24. Bd2 b4 25. axb4 axb4 26. cxb4 Nxd4 27. Bc3 Nxe2 28. Nxe2 Qxd1 29. Rxd1 Rd8 30. Rxd8 Bxd8 31. Nd4 Bd3 32. Ne6 Bf6 33. Bxf6 Rxf6 34. Nd4 c3 35. Ra2 Rd6 36. Nb3 Bc4 0-1

[Event "CAN-ch w"]
[Site "Montreal CAN"]
[Date "2012.08.06"]
[Round "4"]
[White "Zhou, Qiyu"]
[Black "Peng, Jackie"]
[Result "1-0"]
[WhiteElo "1836"]
[BlackElo "2009"]
[PlyCount "47"]
[GameId "2160767909441608"]
[EventDate "2012.08.05"]
[EventType "swiss"]
[EventRounds "9"]
[EventCountry "CAN"]
[SourceTitle "EXT 2022"]
[Source "ChessBase"]
[SourceDate "2021.10.06"]
[SourceVersion "1"]
[SourceVersionDate "2021.10.06"]
[SourceQuality "1"]

1. e4 c5 2. Nf3 d6 3. d4 cxd4 4. Nxd4 Nf6 5. Nc3 g6 6. Be3 Bg7 7. f3 O-O 8. Qd2 Nc6 9. O-O-O d5 10. Qe1 e5 11. Nxc6 bxc6 12. exd5 Nxd5 13. Bc4 Be6 14. Ne4 Qc7 15. Bc5 Rfd8 16. h4 Nf4 17. Bxe6 Nxe6 18. Bd6 Qb6 19. h5 c5 20. hxg6 f5 21. Qh4 hxg6 22. Qe7 Nf8 23. Nf6+ Bxf6 24. Qxf6 1-0

[Event "CAN-ch w"]
[Site "Montreal CAN"]
[Date "2012.08.07"]
[Round "5"]
[White "Khoudgarian, Natalia"]
[Black "Ma, Indy"]
[Result "1-0"]
[WhiteElo "2158"]
[BlackElo "1490"]
[PlyCount "107"]
[GameId "2160767909441609"]
[EventDate "2012.08.05"]
[EventType "swiss"]
[EventRounds "9"]
[EventCountry "CAN"]
[SourceTitle "EXT 2022"]
[Source "ChessBase"]
[SourceDate "2021.10.06"]
[SourceVersion "1"]
[SourceVersionDate "2021.10.06"]
[SourceQuality "1"]

1. e4 c5 2. Nf3 d6 3. c3 Nf6 4. Bc4 Bg4 5. h3 Bxf3 6. Qxf3 Nc6 7. O-O e6 8. Bb3 Be7 9. Rd1 Ne5 10. Qe2 O-O 11. d4 cxd4 12. cxd4 Ng6 13. Nc3 Qc7 14. Be3 a6 15. Rac1 Qa5 16. d5 e5 17. g3 Rfc8 18. h4 Nf8 19. a3 N8d7 20. Ba4 b5 21. b4 Qd8 22. Bb3 Nb6 23. f3 Nc4 24. Bxc4 Rxc4 25. Nb1 Rac8 26. Rxc4 Rxc4 27. Rc1 Rxc1+ 28. Bxc1 Qc8 29. Be3 Qh3 30. Qg2 Qxg2+ 31. Kxg2 Bd8 32. Nc3 Nd7 33. a4 bxa4 34. Nxa4 g6 35. Kf2 f5 36. Ke2 Kf7 37. Kd3 f4 38. gxf4 Bxh4 39. fxe5 Nxe5+ 40. Ke2 Bg3 41. f4 Nc4 42. Bc1 h5 43. Nc3 Ke7 44. b5 axb5 45. Nxb5 Kf6 46. Kf3 Be1 47. Nxd6 Nxd6 48. e5+ Ke7 49. Ba3 Kd7 50. Bxd6 h4 51. Bc5 Bc3 52. Kg4 Bd2 53. e6+ Ke8 54. d6 1-0

[Event "CAN-ch w"]
[Site "Montreal CAN"]
[Date "2012.08.07"]
[Round "5"]
[White "Liu, Jiaxin (Dora)"]
[Black "Zhou, Qiyu"]
[Result "0-1"]
[WhiteElo "1666"]
[BlackElo "1836"]
[PlyCount "72"]
[GameId "2160767909441610"]
[EventDate "2012.08.05"]
[EventType "swiss"]
[EventRounds "9"]
[EventCountry "CAN"]

1. d4 Nf6 2. Nf3 e6 3. e3 c5 4. Bd3 d5 5. b3 Nc6 6. Bb2 Bd6 7. Ne5 O-O 8. Nd2 Qe7 9. a3 Nd7 10. f4 cxd4 11. Nxc6 bxc6 12. Bxd4 e5 13. fxe5 Nxe5 14. O-O Nxd3 15. cxd3 c5 16. Bb2 Qxe3+ 17. Kh1 Qxd3 18. Nf3 Qxd1 19. Raxd1 Be6 20. Rfe1 Rab8 21. Ng5 Rxb3 22. Bc1 d4 23. Nxe6 fxe6 24. Rxe6 Bf4 25. Bxf4 Rxf4 26. Rde1 Rxa3 27. h3 d3 28. Re8+ Rf8 29. R8e7 d2 30. Rd1 Rd8 31. Kh2 c4 32. h4 c3 33. Rc7 a5 34. g3 a4 35. Kh3 Rb3 36. Kg4 a3 0-1

[Event "CAN-ch w"]
[Site "Montreal CAN"]
[Date "2012.08.07"]
[Round "5"]
[White "Roy, Myriam"]
[Black "Agbabishvili, Lali"]
[Result "1/2-1/2"]
[WhiteElo "1982"]
[BlackElo "1925"]
[PlyCount "133"]
[GameId "2160767909441611"]
[EventDate "2012.08.05"]
[EventType "swiss"]
[EventRounds "9"]
[EventCountry "CAN"]
[SourceTitle "EXT 2022"]
[Source "ChessBase"]
[SourceDate "2021.10.06"]
[SourceVersion "1"]
[SourceVersionDate "2021.10.06"]
[SourceQuality "1"]

1. e4 d6 2. d4 Nf6 3. Nc3 g6 4. f4 Bg7 5. Nf3 O-O 6. Bd3 Nc6 7. O-O Bg4 8. Be3 e5 9. dxe5 dxe5 10. f5 gxf5 11. exf5 e4 12. Nxe4 Nxe4 13. Bxe4 Qe7 14. Qd3 Rad8 15. Qc4 Bxf5 16. Bxf5 Qxe3+ 17. Kh1 Qh6 18. Qg4 Nd4 19. Bd3 Nxf3 20. Rxf3 Rd4 21. Qf5 Rh4 22. h3 Qe6 23. Qg5 Rh6 24. Raf1 Qe5 25. Qg4 f6 26. Qb4 Kh8 27. b3 b6 28. Rf5 Qg3 29. Qe4 Rh4 30. R5f4 f5 31. Qf3 Qxf3 32. R4xf3 f4 33. Re1 Rh5 34. Re7 Rc5 35. g3 Rh5 36. gxf4 Be5 37. f5 Bd6 38. Rd7 Rh6 39. Kg2 Rhf6 40. h4 R6f7 41. Rxf7 Rxf7 42. Kh3 Kg7 43. Bc4 Rf8 44. Kg4 Kf6 45. Be6 Re8 46. a4 a5 47. Kh5 Re7 48. Rf2 Rg7 49. Re2 Bf4 50. Re4 Be5 51. Kh6 Bc3 52. Re2 Bb2 53. Kh5 Be5 54. Re4 Bb2 55. Rg4 Rxg4 56. Kxg4 Bc1 57. Bg8 h6 58. Bh7 c6 59. Kf3 b5 60. Ke4 bxa4 61. bxa4 Bb2 62. Bg6 Ke7 63. h5 Bf6 64. Kd3 Kd6 65. Ke2 Be5 66. Kd3 Bf6 67. Ke4 1/2-1/2

[Event "CAN-ch w"]
[Site "Montreal CAN"]
[Date "2012.08.07"]
[Round "5"]
[White "Yun, Chang"]
[Black "Shi, Ling Yun"]
[Result "1-0"]
[WhiteElo "1886"]
[BlackElo "1362"]
[PlyCount "57"]
[GameId "2160767909441612"]
[EventDate "2012.08.05"]
[EventType "swiss"]
[EventRounds "9"]
[EventCountry "CAN"]
[SourceTitle "EXT 2022"]
[Source "ChessBase"]
[SourceDate "2021.10.06"]
[SourceVersion "1"]
[SourceVersionDate "2021.10.06"]
[SourceQuality "1"]

1. e4 c5 2. Nf3 Nc6 3. Bb5 g6 4. O-O Bg7 5. c3 Nf6 6. Re1 O-O 7. d4 cxd4 8. cxd4 d5 9. e5 Ne4 10. Nc3 Nxc3 11. bxc3 a6 12. Bd3 b5 13. Bd2 Bd7 14. h3 Rc8 15. Ng5 e6 16. Qg4 Na5 17. h4 h6 18. Nh3 Kh8 19. h5 g5 20. f4 gxf4 21. Nxf4 Be8 22. Re3 Rg8 23. Rg3 Nc6 24. Nxd5 Bd7 25. Nf6 Bxf6 26. Qe4 Rg7 27. Bxh6 Qg8 28. Bxg7+ Bxg7 29. h6 1-0

[Event "CAN-ch w"]
[Site "Montreal CAN"]
[Date "2012.08.09"]
[Round "6"]
[White "Agbabishvili, Lali"]
[Black "Peng, Jackie"]
[Result "1-0"]
[WhiteElo "1925"]
[BlackElo "2009"]
[PlyCount "59"]
[GameId "2160767909441613"]
[EventDate "2012.08.05"]
[EventType "swiss"]
[EventRounds "9"]
[EventCountry "CAN"]
[SourceTitle "EXT 2022"]
[Source "ChessBase"]
[SourceDate "2021.10.06"]
[SourceVersion "1"]
[SourceVersionDate "2021.10.06"]
[SourceQuality "1"]

1. d4 Nf6 2. c4 g6 3. Nc3 Bg7 4. e4 d6 5. Be2 O-O 6. Bg5 Nbd7 7. f4 h6 8. Bh4 c5 9. d5 Nh7 10. Qd2 a6 11. Nf3 Rb8 12. a4 b6 13. O-O f6 14. Bd3 g5 15. Bg3 Qe8 16. e5 dxe5 17. fxe5 fxe5 18. Rae1 Bb7 19. Qc2 Nhf6 20. Nxe5 Nxe5 21. Bxe5 Rc8 22. Bd6 Nh5 23. Rxf8+ Qxf8 24. Bxe7 Bd4+ 25. Kh1 Re8 26. d6 Nf4 27. Be4 Bxe4 28. Qxe4 Nh3 29. gxh3 Qf2 30. Nd1 1-0

[Event "CAN-ch w"]
[Site "Montreal CAN"]
[Date "2012.08.09"]
[Round "6"]
[White "Khoudgarian, Natalia"]
[Black "Yun, Chang"]
[Result "1-0"]
[WhiteElo "2158"]
[BlackElo "1886"]
[PlyCount "45"]
[GameId "2160767909441614"]
[EventDate "2012.08.05"]
[EventType "swiss"]
[EventRounds "9"]
[EventCountry "CAN"]
[SourceTitle "EXT 2022"]
[Source "ChessBase"]
[SourceDate "2021.10.06"]
[SourceVersion "1"]
[SourceVersionDate "2021.10.06"]
[SourceQuality "1"]

1. e4 c5 2. c3 d5 3. exd5 Qxd5 4. d4 Nc6 5. Nf3 Nf6 6. dxc5 Qxd1+ 7. Kxd1 e6 8. b4 a5 9. b5 Nb8 10. Be3 Nfd7 11. c6 bxc6 12. a4 Bb7 13. Na3 Bc5 14. Nd4 e5 15. Nf5 Bxe3 16. fxe3 O-O 17. Nd6 Nc5 18. Kc2 cxb5 19. axb5 Bd5 20. Bc4 Bxg2 21. Rhg1 Be4+ 22. Nxe4 Nxe4 23. Bd5 1-0

[Event "CAN-ch w"]
[Site "Montreal CAN"]
[Date "2012.08.09"]
[Round "6"]
[White "Ma, Indy"]
[Black "Zhou, Qiyu"]
[Result "1/2-1/2"]
[WhiteElo "1490"]
[BlackElo "1836"]
[PlyCount "134"]
[GameId "2160767909441615"]
[EventDate "2012.08.05"]
[EventType "swiss"]
[EventRounds "9"]
[EventCountry "CAN"]
[SourceTitle "EXT 2022"]
[Source "ChessBase"]
[SourceDate "2021.10.06"]
[SourceVersion "1"]
[SourceVersionDate "2021.10.06"]
[SourceQuality "1"]

1. d4 Nf6 2. c4 e6 3. Nf3 b6 4. Nc3 Bb7 5. a3 Be7 6. Bg5 O-O 7. e3 h6 8. Bxf6 Bxf6 9. Bd3 c5 10. Be4 d5 11. cxd5 exd5 12. Bf5 c4 13. O-O Nc6 14. Rc1 Re8 15. Nd2 g6 16. Bc2 a6 17. Qf3 Na5 18. b4 cxb3 19. Nxb3 Nc4 20. Ra1 Bg7 21. Rfd1 Qd6 22. a4 Rac8 23. Ne2 Nxe3 24. Bxg6 Qxg6 25. fxe3 Qe4 26. Qxe4 Rxe4 27. Rd3 a5 28. Ng3 Re6 29. Nf5 Ba6 30. Rdd1 Rc3 31. Nd2 Bd3 32. Nxg7 Kxg7 33. Re1 Bc2 34. Kf2 Rd3 35. Nf3 Rb3 36. Re2 Bd3 37. Rd2 Ba6 38. Ne5 f6 39. Nf3 Rbxe3 40. Raa2 Bc4 41. Ra1 Re2+ 42. Rxe2 Rxe2+ 43. Kg3 Ra2 44. Rxa2 Bxa2 45. Nd2 Kf7 46. Kf4 Ke6 47. g4 Bc4 48. h4 b5 49. axb5 Bxb5 50. Nb3 a4 51. Nc5+ Kf7 52. g5 hxg5+ 53. hxg5 a3 54. Nb3 Bc4 55. Na1 fxg5+ 56. Kxg5 Ke6 57. Kf4 Kf6 58. Ke3 Kg5 59. Kd2 Kf4 60. Kc3 a2 61. Kb2 Ke4 62. Kc3 Ke3 63. Nc2+ Ke2 64. Na1 Kd1 65. Kb2 Kd2 66. Nc2 Kd3 67. Ka1 Kxc2 1/2-1/2